000 01036nam0a2200313 4500
001 RU\NLR\bibl\1805877
005 20260406122956.0
010 _a978-5-17-007244-6
_bАСТ
010 _a978-5-17-0025577-1
_bАСТ
010 _a978-5-226-03807-5
_bВКТ
021 _aRU
_b2011-61255
_94307
021 _aRU
_b2011-61254
_94307
035 _a(NLR Aleph) 001796521
090 _a1783748
_c1783748
100 _a20110906d2011 |||y0rusy50 ca
101 1 _arus
_ceng
102 _aRU
105 _ay zzzz|||||
200 1 _aЛюбовь бессмертна
_e[роман]
_fБертрис Смолл
_g[пер. с англ. Т.А. Перцевой]
210 _aМосква
_cАСТ
_cАстрель
_aВладимир
_cВКТ
_d2011
215 _a349, [1] с.
_d17
225 1 _aМини Шарм
700 1 _4070
_7ca
_8rus
_aСмолл
_bБ.
_f1937-2015
_gБертрис
_3RU\NLR\AUTH\77816
_9110856
801 0 _aRU
_bNLR
_c20110906
_gRCR
801 1 _aRU
_bNLR
_c20110906
942 _cBOOK
980 _aNB
980 _aNBR